Closest pairs of countries - Statistics

General Stats
  • This quiz has been taken 51 times
  • The average score is 24 of 32
Answer Stats
Distance (km) Country % Correct
97.8 Italy
93%
133.6 Montenegro
90%
97.8 Vatican City
90%
134.9 San Marino
88%
148.3 Albania
85%
126.9 Kosovo
85%
135.8 Croatia
83%
176.8 Slovenia
83%
139.4 Belgium
80%
116.7 Liechtenstein
80%
139.4 Luxembourg
80%
126.9 Macedonia
80%
116.7 Switzerland
80%
109.9 Saint Kitts and Nevis
78%
87.3 Saint Vincent and the Grenadines
78%
135.8 Bosnia and Herzegovina
76%
108.1 Saint Lucia
76%
151.7 Burundi
71%
87.3 Grenada
71%
170.1 Hungary
71%
170.1 Slovakia
71%
109.9 Antigua and Barbuda
68%
174.4 Barbados
68%
170.7 Israel
68%
151.7 Rwanda
68%
87.0 Bahrain
66%
172.6 Dominica
66%
170.7 Jordan
66%
87.0 Qatar
66%
139.5 Gambia
63%
165.2 Guinea-Bissau
61%
139.5 Senegal
61%
No matching quizzes found
Score Distribution
Percent of People with Each Score
Percentile by Number Answered
Your Score History
You have not taken this quiz